000 00322nam a22001337a 4500
008 170925b xxu||||| |||| 00| 0 eng d
020 _a2900495567508
041 _aeng
080 _211 ED
_a37
100 _a46
101 _aEDU
245 _aPERSUASION RECEPTION AND RESPONSIBILITY
_cLARSON.CH.U
942 _2udc
_cBK
999 _c29521
_d29521